LEADER 00980cam0-2200313---450- 001 990004789820403321 005 20090116115302.0 035 $a000478982 035 $aFED01000478982 035 $a(Aleph)000478982FED01 035 $a000478982 100 $a19990604g1929----km-y0itay50------ba 101 0 $aeng 102 $aUS 105 $a----a---001gy 200 1 $aPoetry of the english Renaissance, 1509-1660$fselected from early editions and manuscripts and edited by J. William Hebel and Hoyt H. Hudson 210 $aNew York$cAppleton-Century-Crofts$dc1929 215 $aVIII, 1068 p.$d22 cm 610 0 $aPoesia inglese$aSec.16.-17.$aAntologie 676 $a821.3 702 1$aHebel,$bJohn William 702 1$aHudson,$bHoyt H. 801 0$aIT$bUNINA$c20070309$gRICA$2UNIMARC 901 $aBK 912 $a990004789820403321 952 $a821.3 HEB 1$fFLFBC 959 $aFLFBC 996 $aPoetry of the english Renaissance, 1509-1660$9561883 997 $aUNINA LEADER 01795nam 2200577Ia 450 001 9910453994403321 005 20200520144314.0 010 $a1-282-10499-3 010 $a9786612104992 010 $a90-272-9044-X 035 $a(CKB)1000000000725104 035 $a(OCoLC)320622795 035 $a(CaPaEBR)ebrary10279945 035 $a(SSID)ssj0000256892 035 $a(PQKBManifestationID)11215033 035 $a(PQKBTitleCode)TC0000256892 035 $a(PQKBWorkID)10228181 035 $a(PQKB)10368229 035 $a(MiAaPQ)EBC623198 035 $a(Au-PeEL)EBL623198 035 $a(CaPaEBR)ebr10279945 035 $a(CaONFJC)MIL210499 035 $a(EXLCZ)991000000000725104 100 $a20081113d2009 uy 0 101 0 $aeng 135 $aurcn||||||||| 181 $ctxt 182 $cc 183 $acr 200 10$aTelevision dialogue$b[electronic resource] $ethe sitcom Friends vs. natural conversation /$fPaulo Quaglio 210 $aAmsterdam ;$aPhiladelphia $cJohn Benjamins Pub. Co.$dc2009 215 $a1 online resource (182 p.) 225 1 $aStudies in corpus linguistics,$x1388-0373 ;$vv. 36 300 $aBibliographic Level Mode of Issuance: Monograph 311 $a90-272-2310-6 320 $aIncludes bibliographical references (p. [151]-155) and indexes. 410 0$aStudies in corpus linguistics ;$vv. 36. 606 $aDialogue analysis 606 $aConversation analysis 608 $aElectronic books. 615 0$aDialogue analysis. 615 0$aConversation analysis. 676 $a302.3/46 700 $aQuaglio$b Paulo$0608151 801 0$bMiAaPQ 801 1$bMiAaPQ 801 2$bMiAaPQ 906 $aBOOK 912 $a9910453994403321 996 $aTelevision dialogue$91109516 997 $aUNINA LEADER 01376nam a2200325 i 4500 001 991001890629707536 008 121120s1995 paua b 100 0 eng d 020 $a1560916419 035 $ab14087418-39ule_inst 040 $aDip.to Ingegneria dell'Innovazione$beng 082 0 $a621.436$220 245 00$aAnalysis of new diesel engine and component design 260 $aWarrendale, Pa. :$bSociety of Automotive Engineers,$cc1995 300 $a89 p. :$bill. ;$c29 cm 500 $a"International Congress & Exposition, Detroit, Michigan, February 27-March 2, 1995"--P. [4] of cover 500 $aSP-1091 500 $a"SAE/SP-95/1091"--T.p. verso 500 $aFebruary 1995 504 $aIncludes bibliographical references 650 4$aDiesel motor$xDesign and construction$xCongresses 650 4$aDiesel motor$xPistons$xCongresses 650 4$aDiesel motor$xCylinders$xCongresses 710 2 $aSociety of Automotive Engineers 711 2 $aSAE International Congress & Exposition$d(1995 :$cDetroit, Mich.) 907 $a.b14087418$b28-01-14$c20-11-12 912 $a991001890629707536 945 $aLE026 621.436 SAE 01.01 1995$g1$i2026000058740$lle026$op$pE0.00$q-$rl$s- $t4$u0$v0$w0$x0$y.i15461075$z20-11-12 996 $aAnalysis of new diesel engine and component design$9241495 997 $aUNISALENTO 998 $ale026$b20-11-12$cm$da $e-$feng$gpau$h0$i0